Thí nghiệm đất hiện trường và ứng dụng trong phân tích nền móng
Shranjeno v:
| Glavni avtor: | |
|---|---|
| Format: | Knjiga |
| Jezik: | Undetermined |
| Izdano: |
Hà Nội
Khoa học Kỹ thuật
2003
|
| Teme: | |
| Oznake: |
Označite
Brez oznak, prvi označite!
|
| Thư viện lưu trữ: | Trung tâm Học liệu Trường Đại học Cần Thơ |
|---|
| LEADER | 00620nam a2200193Ia 4500 | ||
|---|---|---|---|
| 001 | CTU_60265 | ||
| 008 | 210402s9999 xx 000 0 und d | ||
| 020 | |b 32000 | ||
| 082 | |a 624.151 | ||
| 082 | |b Ng550 | ||
| 100 | |a Vũ, Công Ngữ | ||
| 245 | 0 | |a Thí nghiệm đất hiện trường và ứng dụng trong phân tích nền móng | |
| 245 | 0 | |c Vũ Công Ngữ | |
| 260 | |a Hà Nội | ||
| 260 | |b Khoa học Kỹ thuật | ||
| 260 | |c 2003 | ||
| 650 | |a Engineering geology,Geology, foundation | ||
| 904 | |i Minh, Năm | ||
| 980 | |a Trung tâm Học liệu Trường Đại học Cần Thơ | ||